Normal view
MARC view
Entry Meeting Name
001 - CONTROL NUMBER
- control field: 29816
003 - CONTROL NUMBER IDENTIFIER
- control field: OSt
005 - DATE AND TIME OF LATEST TRANSACTION
- control field: 20211105135311.0
008 - FIXED-LENGTH DATA ELEMENTS
- fixed length control field: 211105|| aca||aabn | a|a d
040 ## - CATALOGING SOURCE
- Original cataloging agency: OSt
- Transcribing agency: OSt
111 ## - HEADING--MEETING NAME
- Meeting name or jurisdiction name as entry element: Summer School and Workshop on Solar Magnetic Phenomena
- Number of part/section/meeting: 3rd
- Location of meeting: Austria
- Date of meeting or treaty signing: 2003 Aug. 25 -Sep 5
670 ## - SOURCE DATA FOUND
- Source citation: Work cat.: (OSt): Summer School and Workshop on Solar Magnetic Phenomena 3rd Austria 2003 Aug. 25 -Sep 5, Solar magnetic phenomena, 2003